| 000 | 00822nmm a2200265 a 4500 | ||
|---|---|---|---|
| 001 | ocm000639680 | ||
| 003 | TR-IsHL | ||
| 005 | 20201028142728.0 | ||
| 008 | 140107s2010 tu tur | ||
| 007 | cr cn | ||
| 020 | _a9786054033096 | ||
| 035 |
_a639680 _b(N$T) |
||
| 050 | 0 | 4 |
_aPL248.Y55 _bF5 2010 |
| 090 | 0 | 4 |
_aPL248.Y55 _bF5 2010 |
| 100 | 1 | _aYılmaz, Müzeyyen | |
| 245 | 1 | 0 |
_aFırtına _h[electronic resource] / _cMüzeyyen Yılmaz |
| 260 |
_aİstanbul : _bBaşlık Yayın Grubu, _c2010 |
||
| 300 | _a352 p. | ||
| 650 | 4 | _aDil ve Edebiyat | |
| 650 | 4 | _aLanguage and Literature | |
| 650 | 0 | _aTürk romanı | |
| 650 | 0 | _aTurkish fiction | |
| 650 | 7 |
_aLITERARY COLLECTIONS / Middle Eastern _2bisacsh |
|
| 856 | 4 | 0 | _uhttp://search.ebscohost.com/login.aspx?direct=true&scope=site&db=e011xww&AN=639680 |
| 999 |
_c8513 _d8513 |
||